000 00308nam a2200133Ia 4500
008 100328s9999 xx 000 0 und d
082 _b62947
100 _aHeggan Christiane
245 _aMoment Of Truth.
260 _bMira.
630 _aMoment Of Truth.
730 _aMoment Of Truth.
942 _cBOOK
999 _c548875
_d548872